[Event "COL-ch U16"]
[Site "Medellin"]
[Date "2025.04.27"]
[Round "7"]
[White "Ruiz Agudelo, Jeronimo"]
[Black "Delgado Caballero, Nigel Alejandro"]
[Result "1/2-1/2"]
[WhiteElo "1959"]
[BlackElo "1901"]
[PlyCount "120"]
[EventDate "2025.04.24"]
[EventType "swiss"]
[EventRounds "7"]
[EventCountry "COL"]
[SourceTitle "CB18_2025"]
[SourceDate "2025.04.30"]
[SourceVersion "1"]
[SourceVersionDate "2025.04.30"]
[SourceQuality "1"]

1. e4 c5 2. Nf3 d6 3. d4 cxd4 4. Nxd4 Nf6 5. Nc3 a6 6. Be3 Ng4 7. Bg5 h6 8. Bh4 g5 9. Bg3 Bg7 10. h3 Ne5 11. f3 Nbc6 12. Bf2 Ng6 13. Qd2 Nxd4 14. Bxd4 Bxd4 15. Qxd4 Be6 16. 0-0-0 Qa5 17. a3 0-0 18. g3 Qe5 19. Qxe5 dxe5 20. Nd5 Rac8 21. Ne3 Kh7 22. Nf5 Rg8 23. Bd3 Rc6 24. Kb1 b5 25. Rdg1 Bd7 26. Rd1 Be6 27. Rhg1 Rc7 28. h4 gxh4 29. Nxh4 Nxh4 30. gxh4 Rg6 31. b3 Rf6 32. Rg3 Rf4 33. Rh1 h5 34. Rg5 Kh6 35. Rg8 Rc8 36. Rxc8 Bxc8 37. Be2 f5 38. exf5 Bxf5 39. Kb2 Be6 40. Bd3 Kg7 41. Be4 Kf6 42. Bb7 a5 43. Bc6 b4 44. axb4 axb4 45. c3 bxc3+ 46. Kxc3 Rd4 47. Be4 Bd5 48. Bxd5 Rxd5 49. Re1 Ke6 50. f4 Kd6 51. Rxe5 Rxe5 52. fxe5+ Kxe5 53. Kc4 Kd6 54. Kd4 e6 55. b4 Kc6 56. Ke5 Kb5 57. Kxe6 Kxb4 58. Kf6 Kc5 59. Kg6 Kd6 60. Kxh5 Ke7 1/2-1/2

[Event "COL-ch U16"]
[Site "Medellin"]
[Date "2025.04.25"]
[Round "2"]
[White "Sanabria Calderon, Santiago"]
[Black "Ruiz Agudelo, Jeronimo"]
[Result "0-1"]
[WhiteElo "1725"]
[BlackElo "1959"]
[PlyCount "110"]
[EventDate "2025.04.24"]
[EventType "swiss"]
[EventRounds "7"]
[EventCountry "COL"]
[SourceTitle "CB18_2025"]
[SourceDate "2025.04.30"]
[SourceVersion "1"]
[SourceVersionDate "2025.04.30"]
[SourceQuality "1"]

1. e4 c6 2. d4 d5 3. exd5 cxd5 4. Bd3 Nc6 5. c3 g6 6. Bf4 Nf6 7. h3 Bf5 8. Bxf5 gxf5 9. Nf3 e6 10. Qe2 Ne4 11. Ne5 Bd6 12. Nxc6 bxc6 13. Bxd6 Qxd6 14. Nd2 Qf4 15. Nxe4 Qxe4 16. Qxe4 fxe4 17. f3 f5 18. f4 h5 19. g3 Kd7 20. Kf2 Rag8 21. h4 Rh7 22. b4 Rhg7 23. Rhg1 a5 24. a3 Kc7 25. bxa5 Ra8 26. Rgb1 Rxa5 27. Rb4 c5 28. dxc5 Rxc5 29. Rab1 Kd6 30. Rb6+ Rc6 31. a4 Ra7 32. Rxc6+ Kxc6 33. Rb4 Kc5 34. Ke3 Rg7 35. Kf2 Ra7 36. Ke3 Ra6 37. Rd4 Rb6 38. a5 Rb3 39. Ra4 Rxc3+ 40. Kd2 Rxg3 41. a6 Rg8 42. a7 Ra8 43. Ra6 Kb5 44. Rxe6 Rxa7 45. Re5 Kc4 46. Rxf5 Ra2+ 47. Ke3 Ra3+ 48. Ke2 d4 49. Rf8 Ra2+ 50. Ke1 Kd3 51. Rb8 Ke3 52. Rb3+ d3 53. Rb1 Kxf4 54. Rb8 Ke3 55. Rb1 Rh2 0-1

[Event "Medellin Sub zt 2.3.2"]
[Site "Medellin"]
[Date "2025.04.17"]
[Round "6"]
[White "Ruiz Agudelo, Jeronimo"]
[Black "Jaquez, Juan Manuel"]
[Result "1-0"]
[WhiteElo "1959"]
[BlackElo "2168"]
[PlyCount "79"]
[EventDate "2025.04.14"]
[EventType "swiss"]
[EventRounds "9"]
[EventCountry "COL"]
[SourceTitle "CB18_2025"]
[SourceDate "2025.04.30"]
[SourceVersion "1"]
[SourceVersionDate "2025.04.30"]
[SourceQuality "1"]

1. e4 e6 2. d4 d5 3. Nc3 Bb4 4. e5 c5 5. a3 Bxc3+ 6. bxc3 Ne7 7. Nf3 Nbc6 8. a4 Qa5 9. Bd2 Qc7 10. Bb5 Bd7 11. 0-0 b6 12. Bc1 Na5 13. Bd3 h6 14. h4 Nec6 15. Ba3 Nd8 16. Nh2 Ndb7 17. Qg4 0-0-0 18. Qxg7 c4 19. Be2 Bxa4 20. Bh5 Bxc2 21. Qxf7 Qxf7 22. Bxf7 Nb3 23. Bxe6+ Kc7 24. Ra2 Bd3 25. Re1 Rh7 26. f4 a5 27. f5 b5 28. f6 b4 29. cxb4 axb4 30. Bxb4 Nxd4 31. Bh3 Nc2 32. Rxc2 Bxc2 33. e6 Bg6 34. Ng4 Kb6 35. Ne5 Kb5 36. Nxg6 Kxb4 37. f7 d4 38. Rb1+ Ka3 39. Rxb7 d3 40. e7 1-0

[Event "Medellin Sub zt 2.3.2"]
[Site "Medellin"]
[Date "2025.04.16"]
[Round "4"]
[White "Ruiz Agudelo, Jeronimo"]
[Black "Esquivia Cuadrado, Franklin Javier"]
[Result "1-0"]
[WhiteElo "1959"]
[BlackElo "2120"]
[PlyCount "137"]
[EventDate "2025.04.14"]
[EventType "swiss"]
[EventRounds "9"]
[EventCountry "COL"]
[SourceTitle "CB18_2025"]
[SourceDate "2025.04.30"]
[SourceVersion "1"]
[SourceVersionDate "2025.04.30"]
[SourceQuality "1"]

1. e4 c5 2. Nf3 d6 3. d4 cxd4 4. Nxd4 Nf6 5. Nc3 g6 6. Be3 Bg7 7. f3 0-0 8. Qd2 Nc6 9. Bc4 Bd7 10. 0-0-0 Rc8 11. Bb3 Ne5 12. Kb1 Nc4 13. Bxc4 Rxc4 14. g4 Qa5 15. g5 Nh5 16. Nd5 Qd8 17. Ne2 Be6 18. Bxa7 Qa8 19. Bd4 Bxd5 20. exd5 Rfc8 21. c3 Ra4 22. a3 Qa5 23. Bxg7 Kxg7 24. Ng3 Nf4 25. Ne4 Nh5 26. Ng3 Nf4 27. Ne4 Nh5 28. Qe3 Qb5 29. Kc2 Qd7 30. Rd4 Rcc4 31. Rxc4 Rxc4 32. b3 Rc8 33. Rd1 Qf5 34. Kb2 Nf4 35. h4 Nh5 36. Nf2 Re8 37. Qe4 Ng3 38. Qg4 Qxg4 39. fxg4 e5 40. Rd3 Ne2 41. Ne4 Nf4 42. Rd2 Rd8 43. c4 h5 44. gxh5 gxh5 45. b4 b6 46. a4 Kg6 47. Kc3 Kf5 48. Nf6 Ra8 49. Ra2 Ng6 50. Rf2+ Nf4 51. Kb3 Rb8 52. Nxh5 Ke4 53. Nf6+ Ke3 54. Ng4+ Kd4 55. Rd2+ Nd3 56. Nf2 e4 57. Nxd3 exd3 58. h5 Rg8 59. Rg2 Rh8 60. h6 Rg8 61. h7 Rh8 62. Rh2 Ke3 63. Kc3 d2 64. Kc2 Kd4 65. Rh4+ Ke3 66. Kd1 Kd3 67. a5 bxa5 68. bxa5 Rb8 69. Rh3+ 1-0

[Event "Medellin Sub zt 2.3.2"]
[Site "Medellin"]
[Date "2025.04.14"]
[Round "1"]
[White "Apostol Gonzalez, Daniel"]
[Black "Ruiz Agudelo, Jeronimo"]
[Result "0-1"]
[WhiteElo "1560"]
[BlackElo "1959"]
[PlyCount "72"]
[EventDate "2025.04.14"]
[EventType "swiss"]
[EventRounds "9"]
[EventCountry "COL"]
[SourceTitle "CB18_2025"]
[SourceDate "2025.04.30"]
[SourceVersion "1"]
[SourceVersionDate "2025.04.30"]
[SourceQuality "1"]

1. d4 Nf6 2. c4 e6 3. Nf3 Bb4+ 4. Bd2 Bxd2+ 5. Qxd2 d5 6. e3 0-0 7. Nc3 Qe7 8. Bd3 Rd8 9. cxd5 exd5 10. 0-0 c6 11. Rab1 a5 12. a3 Nbd7 13. b4 axb4 14. axb4 b5 15. Ra1 Rxa1 16. Rxa1 Qxb4 17. Ra7 Qd6 18. Na2 Ne4 19. Bxe4 dxe4 20. Ng5 Qd5 21. Nh3 Nf6 22. Nf4 Qb3 23. Rc7 Qb1+ 24. Nc1 Bd7 25. h3 Ra8 26. Kh2 Ra1 27. Nfe2 h6 28. Rb7 Be6 29. Qc3 Bc4 30. Rb8+ Kh7 31. Rc8 Bxe2 32. Nxe2 Qh1+ 33. Kg3 Nh5+ 34. Kg4 Qxg2+ 35. Ng3 Qf3+ 36. Kh4 g5# 0-1

[Event "Medellin Departament op"]
[Site "Medellin"]
[Date "2025.04.05"]
[Round "4"]
[White "Negron Lizarazo, Juan Sebastian"]
[Black "Ruiz Agudelo, Jeronimo"]
[Result "1-0"]
[WhiteElo "1841"]
[BlackElo "1959"]
[PlyCount "69"]
[EventDate "2025.04.02"]
[EventType "swiss"]
[EventRounds "7"]
[EventCountry "COL"]
[SourceTitle "CB15_2025"]
[SourceDate "2025.04.09"]
[SourceVersion "1"]
[SourceVersionDate "2025.04.09"]
[SourceQuality "1"]

1. e4 c5 2. Nf3 d6 3. d4 cxd4 4. Nxd4 Nf6 5. Nc3 a6 6. Bc4 e6 7. Bb3 b5 8. f4 Be7 9. e5 dxe5 10. fxe5 Nfd7 11. Bxe6 Nxe5 12. Bxc8 Qxc8 13. 0-0 0-0 14. Nf5 Bc5+ 15. Kh1 Nbc6 16. Ne4 Rd8 17. Qh5 Bf8 18. Nh6+ gxh6 19. Nf6+ Kh8 20. Bxh6 Bg7 21. Bg5 Bxf6 22. Bxf6+ Kg8 23. Qg5+ Kf8 24. Qg7+ Ke8 25. Qh8+ Kd7 26. Bxd8 Qxd8 27. Rad1+ Kc7 28. Rxd8 Rxd8 29. Qxh7 Rd2 30. h4 Kb6 31. h5 Ng4 32. Qe4 Nce5 33. Rf6+ Kc7 34. Rxf7+ Kd6 35. Qb4+ 1-0

[Event "Medellin Departament op"]
[Site "Medellin"]
[Date "2025.04.05"]
[Round "5"]
[White "Ruiz Agudelo, Jeronimo"]
[Black "Lopez, Juan D"]
[Result "0-1"]
[WhiteElo "1959"]
[BlackElo "1842"]
[PlyCount "110"]
[EventDate "2025.04.02"]
[EventType "swiss"]
[EventRounds "7"]
[EventCountry "COL"]
[SourceTitle "CB15_2025"]
[SourceDate "2025.04.09"]
[SourceVersion "1"]
[SourceVersionDate "2025.04.09"]
[SourceQuality "1"]

1. d4 Nf6 2. c4 c5 3. d5 b5 4. cxb5 a6 5. bxa6 Bxa6 6. Nc3 g6 7. e4 Bxf1 8. Kxf1 d6 9. g3 Bg7 10. Kg2 0-0 11. Nf3 Nbd7 12. a4 Qb6 13. Ra3 Rfb8 14. Qe2 Ne8 15. Nb5 Nc7 16. Nxc7 Qxc7 17. b3 Rb4 18. Bd2 Rb7 19. Qc4 Rab8 20. Qc2 Ne5 21. Bc3 Nxf3 22. Kxf3 Bxc3 23. Qxc3 Rb4 24. a5 Qd7 25. g4 Qb5 26. Rha1 Qa6 27. Rd1 Rxe4 28. Qd3 Qxd3+ 29. Rxd3 Reb4 30. a6 Ra8 31. Rd1 Ra7 32. Rda1 Kf8 33. h3 Ke8 34. Ke3 Kd7 35. f4 Kc7 36. f5 Kb6 37. fxg6 fxg6 38. Rf1 Rxa6 39. Rxa6+ Kxa6 40. Rf7 Rxb3+ 41. Kf4 Rxh3 42. Rxe7 Rd3 43. Rxh7 Rxd5 44. Rg7 c4 45. Ke4 Rg5 46. Kf4 Rc5 47. Rxg6 Rc6 48. Rh6 c3 49. Rh1 c2 50. Rc1 Kb5 51. g5 Kb4 52. g6 Kc3 53. g7 Rc8 54. Rg1 Rg8 55. Ke4 Kb2 0-1

[Event "COL-chT sf"]
[Site "Medellin"]
[Date "2024.11.09"]
[Round "4.2"]
[White "Diaz Larrea, Juan Manuel"]
[Black "Ruiz Agudelo, Jeronimo"]
[Result "0-1"]
[WhiteElo "1931"]
[BlackElo "1939"]
[PlyCount "48"]
[EventDate "2024.11.07"]
[EventType "team-swiss"]
[EventRounds "6"]
[EventCountry "COL"]
[SourceTitle "CB49_2024"]
[SourceDate "2024.12.04"]
[SourceVersion "1"]
[SourceVersionDate "2024.12.04"]
[SourceQuality "1"]
[WhiteTeam "Antioquia INDER"]
[BlackTeam "Antioquia Itaca"]
[WhiteTeamCountry "COL"]
[BlackTeamCountry "COL"]

1. e4 c5 2. Nf3 d6 3. d4 cxd4 4. Nxd4 Nf6 5. Nc3 a6 6. h3 e5 7. Nde2 h5 8. g3 Be7 9. a4 Nbd7 10. Bg2 b6 11. Bg5 Bb7 12. 0-0 Qc7 13. Qd2 Rc8 14. Rfd1 Qc4 15. Rac1 0-0 16. b3 Qc7 17. h4 Rfd8 18. Bh3 Rb8 19. Bxd7 Qxd7 20. Bxf6 Bxf6 21. Qe3 Qg4 22. Kg2 Bxh4 23. Qf3 Qxf3+ 24. Kxf3 Bg5 0-1

[Event "COL-chT sf"]
[Site "Medellin"]
[Date "2024.11.08"]
[Round "3.2"]
[White "Ruiz Agudelo, Jeronimo"]
[Black "Lopez Ramirez, David Santiago"]
[Result "0-1"]
[WhiteElo "1939"]
[BlackElo "2174"]
[PlyCount "66"]
[EventDate "2024.11.07"]
[EventType "team-swiss"]
[EventRounds "6"]
[EventCountry "COL"]
[SourceTitle "CB49_2024"]
[SourceDate "2024.12.04"]
[SourceVersion "1"]
[SourceVersionDate "2024.12.04"]
[SourceQuality "1"]
[WhiteTeam "Antioquia Itaca"]
[BlackTeam "Cundinamarca"]
[WhiteTeamCountry "COL"]
[BlackTeamCountry "COL"]

1. e4 e5 2. Nf3 Nc6 3. Bb5 Nf6 4. 0-0 Nxe4 5. d4 Nd6 6. Bxc6 dxc6 7. dxe5 Nf5 8. Qxd8+ Kxd8 9. h3 h6 10. Nc3 b6 11. Rd1+ Ke8 12. g4 Ne7 13. Nd4 a6 14. Be3 c5 15. Nde2 h5 16. f3 Bb7 17. Kf2 hxg4 18. hxg4 Ng6 19. Bf4 c4 20. Bg3 Bc5+ 21. Kg2 Rd8 22. Rxd8+ Kxd8 23. Rd1+ Kc8 24. Nd4 Re8 25. Nf5 Nxe5 26. Bxe5 Rxe5 27. Kg3 g6 28. Nh6 Re3 29. Nd5 Re2 30. Nxf7 Bxd5 31. Rxd5 Rxc2 32. b3 c3 33. Rd3 Rc1 0-1

[Event "Medellin Raza Antioquia"]
[Site "Medellin"]
[Date "2024.10.11"]
[Round "2"]
[White "Almanza Montoya, Joseph"]
[Black "Ruiz Agudelo, Jeronimo"]
[Result "1/2-1/2"]
[WhiteElo "1817"]
[BlackElo "1979"]
[PlyCount "57"]
[EventDate "2024.10.10"]
[EventType "swiss"]
[EventRounds "9"]
[EventCountry "COL"]
[SourceTitle "CB43_2024"]
[Source "Chessbase"]
[SourceDate "2024.10.23"]
[SourceVersion "1"]
[SourceVersionDate "2024.10.23"]
[SourceQuality "1"]

1. e4 c5 2. Nf3 d6 3. Bb5+ Nd7 4. 0-0 Ngf6 5. Re1 a6 6. Bd3 g6 7. c3 b5 8. Bc2 e5 9. d3 Bg7 10. Nbd2 0-0 11. Nf1 Bb7 12. Bg5 Re8 13. Qd2 Qc7 14. Rac1 d5 15. Ng3 Nf8 16. Bxf6 Bxf6 17. d4 Rad8 18. exd5 Bxd5 19. Ne4 Bxe4 20. Rxe4 exd4 21. Rxe8 Rxe8 22. cxd4 Rd8 23. Be4 Bxd4 24. Nxd4 Qd6 25. Bf3 Ne6 26. Nb3 Qxd2 27. Nxd2 Rxd2 28. Rb1 Nd4 29. Bd1 1/2-1/2

[Event "Medellin Castro Memorial op-A 31st"]
[Site "Medellin"]
[Date "2024.08.10"]
[Round "7"]
[White "Ortiz Monsalve, Sebastian"]
[Black "Ruiz Agudelo, Jeronimo"]
[Result "0-1"]
[WhiteElo "2031"]
[BlackElo "1858"]
[PlyCount "52"]
[EventDate "2024.08.07"]
[EventType "swiss"]
[EventRounds "10"]
[EventCountry "COL"]
[SourceTitle "CBM 221 Extra"]
[Source "ChessBase"]
[SourceDate "2024.09.30"]
[SourceVersion "1"]
[SourceVersionDate "2024.09.30"]
[SourceQuality "1"]

1. Nf3 d5 2. d3 Nf6 3. Nbd2 Bg4 4. h3 Bh5 5. e4 e6 6. c3 dxe4 7. dxe4 c6 8. Qc2 Nbd7 9. g4 Bg6 10. Nh4 Bxe4 11. Nxe4 Nxe4 12. Qxe4 Qxh4 13. Bf4 Bc5 14. 0-0-0 Qe7 15. b4 Bxf2 16. Rh2 Bb6 17. Bd6 Qg5+ 18. Kb2 Nf6 19. Qc4 Nd5 20. h4 Qd8 21. Bc5 Bxc5 22. Qxc5 Qb6 23. Qd6 Rd8 24. Qe5 0-0 25. Bd3 Ne3 26. Rdd2 Rxd3 0-1

[Event "Medellin Castro Memorial op-A 31st"]
[Site "Medellin"]
[Date "2024.08.09"]
[Round "5"]
[White "Diaz Gonzalez, Ana Sofia"]
[Black "Ruiz Agudelo, Jeronimo"]
[Result "1/2-1/2"]
[WhiteElo "1978"]
[BlackElo "1858"]
[PlyCount "111"]
[EventDate "2024.08.07"]
[EventType "swiss"]
[EventRounds "10"]
[EventCountry "COL"]
[SourceTitle "CBM 221 Extra"]
[Source "ChessBase"]
[SourceDate "2024.09.30"]
[SourceVersion "1"]
[SourceVersionDate "2024.09.30"]
[SourceQuality "1"]

1. e4 c6 2. d4 d5 3. exd5 cxd5 4. Bd3 Nc6 5. c3 g6 6. Bf4 Nh6 7. Nf3 Bf5 8. Na3 a6 9. Nc2 Bg7 10. 0-0 Bxd3 11. Qxd3 0-0 12. Rfe1 Nf5 13. Ne3 Nxe3 14. Qxe3 b5 15. h4 Qd7 16. Bh6 Qf5 17. Qd2 a5 18. Bxg7 Kxg7 19. Ne5 Nxe5 20. Rxe5 Qd7 21. Rae1 e6 22. h5 b4 23. Qf4 h6 24. hxg6 fxg6 25. Qg4 Rae8 26. Qe2 bxc3 27. bxc3 Rf6 28. Qa6 Qa4 29. Qe2 Kf7 30. Qd2 g5 31. Qe2 Qc6 32. Qd3 Kg7 33. R1e3 Rb8 34. Rh3 Rg6 35. Rhe3 Rf6 36. Rh3 Rg6 37. Rhe3 Rb2 38. Qxg6+ Kxg6 39. Rxe6+ Qxe6 40. Rxe6+ Kg7 41. Rd6 Rxa2 42. Rxd5 a4 43. Ra5 Ra1+ 44. Kh2 Rc1 45. Rxa4 Rxc3 46. Ra7+ Kg6 47. Ra6+ Kg7 48. d5 Rd3 49. d6 h5 50. Ra7+ Kf6 51. Rh7 Kg6 52. Rd7 Kf6 53. Rd8 g4 54. d7 Kg7 55. g3 Rd1 56. Kg2 1/2-1/2

[Event "American Continental 18th"]
[Site "Medellin"]
[Date "2024.05.31"]
[Round "10"]
[White "Ruiz Agudelo, Jeronimo"]
[Black "Ramirez Montoya, Jorge A"]
[Result "1-0"]
[WhiteElo "1902"]
[BlackElo "1825"]
[PlyCount "57"]
[EventDate "2024.05.24"]
[EventType "swiss"]
[EventRounds "11"]
[EventCountry "COL"]
[SourceTitle "CBM 220 Extra"]
[Source "ChessBase"]
[SourceDate "2024.07.31"]
[SourceVersion "1"]
[SourceVersionDate "2024.07.31"]
[SourceQuality "1"]

1. e4 c5 2. Nf3 e6 3. d4 cxd4 4. Nxd4 Bc5 5. Nb3 Bb6 6. Nc3 Ne7 7. Bd3 0-0 8. f4 f5 9. e5 a6 10. Qe2 Nbc6 11. Be3 Bc7 12. 0-0-0 b5 13. Qf2 b4 14. Na4 Nd5 15. Bc4 Nce7 16. Qf3 Bb7 17. Nac5 Bc6 18. Nd4 Qc8 19. Ncxe6 dxe6 20. Nxc6 Rf7 21. Nxe7+ Nxe7 22. Bxe6 Qxe6 23. Qxa8+ Rf8 24. Qb7 Qc4 25. b3 Qe4 26. Qxe4 fxe4 27. Rd7 Bd8 28. Rhd1 Nc6 29. R1d6 1-0